=LDR 00000nam 2200000 4500 =001 NUTBA000000000000904 =005 20140404103346.0 =006 =007 =008 =020 ##$$a 978-602-98177-7-9 =035 ##$$a 0010-041400000000174 =040 ##$$a Ind =082 ##$$a 615.8 =090 ##$$a 615.8$bAbd t =100 ##$$a Abdul aziz ihsan =245 ##$$a Terapi madu hidup sehat ala rasul$cAbdul aziz ihsan =250 ##$$a Cet.1 =260 ##$$a Jogjakarta$bJavalitera$c2011. =850 ##$$a NBPNMAT =990 ##$$a 21304230 =990 ##$$a 92751/BPAP-NTB/2014 =990 ##$$a 21194803/BPAP-NTB/2014